000
00334nam a22001457a 4500
008
210519b ||||| |||| 00| 0 eng d
020
_a
9780072493610
041
_a
eng
080
_a
621
082
_a
621
100
_a
26
101
_a
MEK
245
_a
Customized Linear Control Systems Engineering
_c
Driels,M
942
_2
udc
_c
BK
999
_c
57540
_d
57540